000 00711nam a2200289Ia 4500
005 20260324141315.0
008 008 260324s9999 xx 000 0 eng d
020 _a9781003211051
037 _aEBOOK
040 _aCRL
040 _beng
040 _cCRL
041 _2eng
041 _aeng
084 _qCRL
100 _aA. Bouazza
_91207704
245 0 _aEnvironmental Geotechnics
245 0 _bProceedings of 4th International Congress, Rio de Janeiro, August 2002
260 _bTaylor and Francis
260 _c1997
365 _a
365 _b520
856 _uhttp://www.taylorfrancis.com/books/9781003211051
942 _cEBOOK
999 _c1810648
_d1810648